Charles's by Picture - Statistics

General Stats
  • This quiz has been taken 48 times
  • The average score is 13 of 21
Answer Stats
Picture Answer % Correct
Charlie Chaplin
100%
Charles Darwin
98%
Charles III
93%
Charles Manson
88%
Charlie Brown
88%
Charlie Sheen
86%
Chuck Norris
79%
Charles Dickens
74%
Chuck Berry
71%
Charles de Gaulle
69%
Charles Lindbergh
69%
Chuck E. Cheese
60%
Charles Barkley
57%
Charles Bronson
55%
Charles Schulz
50%
Charlie Puth
48%
Chuck Schumer
33%
Charlie Day
29%
Chuck Yeager
24%
Chuck Grassley
19%
Charles Leclerc
17%
No matching quizzes found
Score Distribution
Percent of People with Each Score
Percentile by Number Answered
Your Score History
You have not taken this quiz